| 000 | 00465cam a2200193 4500 | ||
|---|---|---|---|
| 001 | D4132 | ||
| 008 | 090401t1976 xxu||||| |||| 00| 0 eng d | ||
| 035 | _a(Sirsi) u76656 | ||
| 041 | _aeng | ||
| 050 | _a336.2424 | ||
| 100 | _aGoy, David | ||
| 245 | _aDevelopment land tax, with accountancy examples | ||
| 260 |
_aLondon _bSweet and Maxwell _c1976 |
||
| 300 | _axxi. 199p. 25cm | ||
| 350 | _a5 | ||
| 700 | _aKelsey, Nick | ||
| 942 | _n0 | ||
| 948 | _c04/03/1997 | ||
| 999 |
_c96225 _d96225 |
||